00828nam a22002417a 450000500170000001000130001702000100003003500130004003700160005304000120006908200160008110000250009724500890012226000440021127000460025530000200030165000310032165000320035270000230038494200250040799900190043295201350045120170124110146.0 aA-820771 c00.00 aA-820771 bCen Lib/Ret aDPLbEN a658.15bKAL aKalyani, A.V.933411 aFundamentals of finance and production management /cby A.V. Kalyani [and] S.N. Iyer aMumbaic1996bHimalaya Publishing House bMumbaiaDr. Bhalerao Marg,Grgaon e400004 a221p.c22cm(Hb) aFinance production 933412 aFinance management 9101691 aIyer, S.N.9101692 2ddccENh658.15mKAL c131990d131990 00104070aLbLd2015-07-16eCen Lib/Retg0.00l1o658.15 KALpA-820771r2018-05-28 00:00:00s2018-05-26t1v0.00w2015-07-16yEN